000
00263nam a22001097a 4500
008
170119b xxu||||| |||| 00| 0 eng d
020
_a
9780721666945
041
_a
eng
080
_a
618.2
245
_a
HANDBOOK OF NURSE ANESTHESIA
_c
NAGELHOUT, J.J
942
_2
udc
_c
BK
999
_c
3147
_d
3147